000 03252nab a2200301 i 4500
003 BR-BrBNA
005 20241101180130.0
008 241101b2008 bl.qr|pooa||| 00| 0 por |
040 _aBR-BrBNA
_bpor
072 _aF50
072 _aF03
100 _aGonçalves, Isabele Pagels
100 _aGama, Michele da Costa
100 _aCorreia, Maria Célia Rodrigues
100 _aLima, Heloísa Alves de
245 _aCaracterização dos frutos, sementes e germinação de quatro espécies de leguminosas da restinga de Maricá, Rio de Janeiro
500 _aPublicação on-line; 31 ref.; 10 illus.; Summaries (En, Pt)
520 _a RESUMO (Caracterização dos frutos, sementes e germinação de quatro espécies de leguminosas da restinga de Maricá, Rio de Janeiro) No presente trabalho foi estudada a morfologia dos frutos e das sementes e características de plântulas de: Canavalia rosea, Ormosia arborea, Pithecellobium tortum e Swartzia apetala var. apetala, de janeiro de 2004 a outubro de 2006, na restinga de Maricá, Rio de Janeiro. As espécies possuem frutos deiscentes com dispersão autocórica. As sementes de S. apetala var. apetala sugerem também dispersão zoocórica pela presença de um arilo. As sementes recém-coletadas apresentam médias altas de germinação: C. rosea (99%), O. arborea (100%), P. tortum (75%) e S. apetala var. apetala (93%), entretanto, no habitat natural, só foram encontradas plântulas de C. rosea. A germinação é criptocotiledonar em O. arborea e S. apetala var. apetala e fanerocotiledonar em C. rosea e P. tortum. Palavras-chave: Leguminosae, Fabaceae, morfologia, fisiologia de sementes, dispersão de sementes, Canavalia, Ormosia, Pithecellobium, Swartzia.
520 _a ABSTRACT (Fruit, seed and seedling studies of four species of legume in the restinga of Maricá, Rio de Janeiro) The morphology of fruits, seeds and seedlings of Canavalia rosea, Ormosia arborea, Pithecellobium tortum and Swartzia apetala var. apetala in the “restinga” of Maricá, state of Rio de Janeiro was studied between January 2004 and October 2006. All species present dehiscent fruits and autochorous dispersial, but the seeds of S. apetala var. apetala also suggest zoochorous dispersial by the presence of an aril. Newly collected seeds show high germination success: C. rosea (99%), O. arborea (100%), P. tortum (93%) and S. apetala var. apetala (75%), however, the only seedlings found in the natural habitat were of C. rosea. Cryptocotylar seedling was recorded for O. arborea and S. apetala var. apetala. while phanerocotylar seedling was observed in C. rosea and P. tortum. Key words: Leguminosae, Fabaceae, morphology, seed physiology, seed dispersal. Canavalia, Ormosia, Pithecellobium, Swartzia.
650 _aLEGUMINOSAE
650 _aMORFOLOGIA VEGETAL
650 _aFISIOLOGIA
650 _aSEMENTE
773 0 _0709
_9345890
_dRio de Janeiro-RJ Jardim Botanico do Rio de Janeiro 1935
_o2024-6540
_tRodriguésia (Brazil)
_x0370-6583; 2175-7860 on-line
_gv. 59(3) p. 497-512; (2008)
_wBR2024003270
856 _uhttps://www.scielo.br/j/rod/a/Nx66Ymjwjcrd5PQsdkxQ9jn/?format=pdf&lang=pt
942 _cANA
999 _c328388
_d328388